Das Frühe Christentum und die Griechische Bildung
Saved in:
| Hovedforfatter: | |
|---|---|
| Format: | Bog |
| Sprog: | tysk |
| Udgivet: |
Berlín, Alemania
Walter de Gruyter
1963
|
| Fag: | |
| Tags: |
Tilføj Tag
Ingen Tags, Vær først til at tagge denne postø!
|
MARC
| LEADER | 00000nam a2200000 a 4500 | ||
|---|---|---|---|
| 001 | UCZ5157 | ||
| 003 | CL-VaPUC | ||
| 005 | 20220720170924.0 | ||
| 008 | 951117e19630000GW |||||||||||||||||ger|d | ||
| 999 | |c 241479 |d 241477 | ||
| 040 | |c Pontificia Universidad Católica de Valparaíso | ||
| 082 | 0 | 4 | |a 200.9 JAE 1963 |2 21 |
| 100 | |a Jaeger, Werner |e autor |9 584872 | ||
| 245 | 1 | 4 | |a Das Frühe Christentum und die Griechische Bildung |
| 260 | |a Berlín, Alemania |b Walter de Gruyter |c 1963 | ||
| 300 | |a 127 páginas | ||
| 583 | |a last modification |c 19951117 00:00:00 |k Rodrigo Vera | ||
| 650 | 0 | |a Cristianismo |9 257361 | |
| 650 | 0 | |a Historia |9 255047 | |
| 650 | 0 | |a Filosofía cristiana |z GRECIA |9 265980 | |
| 650 | 0 | |a Filosofía griega |9 265579 | |
| 942 | |c BK |2 ddc | ||
| 945 | |d 19951117 00:00:00 |a cmena | ||
| 952 | |0 0 |1 0 |2 ddc |4 0 |6 200_900000000000000_JAE_1963 |7 0 |8 P |9 253810 |a BIBEDU |b BIBEDU |c BIBEDU_PB |d 2019-11-19 |i 1574809 |o 200.9 JAE 1963 |p 1574809 |r 2024-01-25 |t 1 |w 2019-11-19 |y BK |k FIL | ||